[Event "CAN/Quebec op"]
[Site "Montreal CAN"]
[Date "2008.07.26"]
[Round "8"]
[White "Noritsyn, Nikolay"]
[Black "Venkatesh, Marani Rajendran"]
[Result "0-1"]
[WhiteElo "2361"]
[BlackElo "2462"]
[PlyCount "96"]
[GameId "2160767910353535"]
[EventDate "2008.07.19"]
[EventType "swiss"]
[EventRounds "9"]
[EventCountry "CAN"]
[SourceTitle "CBM 125 Extra"]
[Source "ChessBase"]
[SourceDate "2008.09.01"]
[SourceVersion "1"]
[SourceVersionDate "2008.09.01"]
[SourceQuality "1"]

1. c4 Nf6 2. Nc3 c5 3. g3 g6 4. Bg2 Bg7 5. a3 Nc6 6. Rb1 a5 7. d3 O-O 8. Nh3 e5 9. O-O d6 10. f4 h6 11. fxe5 dxe5 12. Nf2 Be6 13. Be3 Nd7 14. Nfe4 Nd4 15. Qd2 Kh7 16. Nd6 Qb6 17. Ncb5 Nf6 18. Kh1 Bd7 19. b4 axb4 20. axb4 Bc6 21. bxc5 Qxc5 22. Bf2 Bxg2+ 23. Kxg2 Qc6+ 24. Kg1 Ne6 25. Be3 Rad8 26. Qb4 Ng4 27. Bc1 f5 28. h3 Nf6 29. Kh2 Nh5 30. e3 Ng5 31. e4 f4 32. g4 Ng3 33. Rf2 b6 34. Ba3 Qd7 35. Qe1 h5 36. Qd1 Rh8 37. Kg2 Kg8 38. c5 bxc5 39. Bxc5 hxg4 40. hxg4 Rh4 41. Nc3 Rxg4 42. Rb7 Qe6 43. Re7 N3xe4+ 44. Kf1 Nxc3 45. Rxe6 Nxd1 46. Rxg6 Nxf2 47. Nf5 Ngh3 48. Nh6+ Kh7 0-1

[Event "CAN/Quebec op"]
[Site "Montreal CAN"]
[Date "2008.07.26"]
[Round "8"]
[White "Tayar, Jonathan"]
[Black "Nicula, Marius"]
[Result "0-1"]
[WhiteElo "2293"]
[BlackElo "2209"]
[PlyCount "140"]
[GameId "2160767910353538"]
[EventDate "2008.07.19"]
[EventType "swiss"]
[EventRounds "9"]
[EventCountry "CAN"]
[SourceTitle "CBM 125 Extra"]
[Source "ChessBase"]
[SourceDate "2008.09.01"]
[SourceVersion "1"]
[SourceVersionDate "2008.09.01"]
[SourceQuality "1"]

1. e4 e6 2. d4 d5 3. Nc3 Nf6 4. Bg5 Be7 5. e5 Nfd7 6. Bxe7 Qxe7 7. f4 a6 8. Nf3 c5 9. dxc5 Nc6 10. Qd2 Nxc5 11. Bd3 Bd7 12. O-O f5 13. exf6 Qxf6 14. Rae1 O-O-O 15. Kh1 h6 16. Ne5 Nxe5 17. fxe5 Qe7 18. b4 Nxd3 19. cxd3 Qxb4 20. Rb1 Qa5 21. Qb2 Bc6 22. Ne2 d4 23. Rfc1 Qb5 24. Qa3 Qxe5 25. Qb4 Qb5 26. Qe7 Rd7 27. Qxe6 Qd5 28. Qh3 Rf8 29. Ng3 Kb8 30. Ne4 Ka7 31. a4 Qf5 32. Qh4 Bxe4 33. dxe4 Qf4 34. Qe1 d3 35. Rb2 d2 36. Qg1+ Ka8 37. Rd1 Rfd8 38. Rb4 Re8 39. Qc5 Rc7 40. Qd5 Qf2 41. Rbb1 Qe3 42. e5 Rxe5 43. Qxd2 Qxd2 44. Rxd2 Ka7 45. h3 a5 46. Rd4 Rec5 47. Kg1 Rc4 48. Rbd1 Rxd4 49. Rxd4 Rf7 50. Rd5 Kb6 51. Rd4 Kc5 52. Rg4 g5 53. h4 Rf4 54. Rg3 Rxh4 55. Rb3 Rxa4 56. Rxb7 Rb4 57. Ra7 Kb5 58. Kf2 Rc4 59. Ke3 Rc6 60. Kd4 a4 61. g3 Rd6+ 62. Kc3 Rf6 63. g4 Rf3+ 64. Kb2 Rf4 65. Rh7 Rxg4 66. Rxh6 Kc5 67. Kc3 Rg3+ 68. Kd2 a3 69. Ra6 a2 70. Ke2 Rg1 0-1

[Event "CAN/Quebec op"]
[Site "Montreal CAN"]
[Date "2008.07.26"]
[Round "8"]
[White "Thavandiran, Shiyam"]
[Black "Yoos, John"]
[Result "1/2-1/2"]
[WhiteElo "2288"]
[BlackElo "2366"]
[PlyCount "127"]
[GameId "2160767910353539"]
[EventDate "2008.07.19"]
[EventType "swiss"]
[EventRounds "9"]
[EventCountry "CAN"]
[SourceTitle "CBM 125 Extra"]
[Source "ChessBase"]
[SourceDate "2008.09.01"]
[SourceVersion "1"]
[SourceVersionDate "2008.09.01"]
[SourceQuality "1"]

1. e4 c5 2. Nc3 d6 3. Nf3 Nf6 4. d4 cxd4 5. Nxd4 Nc6 6. Bg5 a6 7. Bxf6 gxf6 8. Be2 Qb6 9. Nb3 f5 10. exf5 Bxf5 11. Nd5 Qd8 12. Bg4 Bxg4 13. Qxg4 e6 14. Ne3 Qf6 15. O-O-O O-O-O 16. f4 Kb8 17. g3 Rc8 18. c3 d5 19. Kb1 a5 20. f5 Bh6 21. Nc2 Rhg8 22. Qa4 Qxf5 23. Rhf1 Qg6 24. Nxa5 Nxa5 25. Qxa5 Rc4 26. Qb6 Rgc8 27. Qf2 R8c7 28. Ka1 Re4 29. Rfe1 f5 30. Nd4 Qe8 31. Rxe4 dxe4 32. Qe2 Bg7 33. Nb5 Rd7 34. a4 Qd8 35. Rxd7 Qxd7 36. Ka2 Qd5+ 37. Ka3 b6 38. b4 Be5 39. Qh5 Qd7 40. g4 Kb7 41. g5 Bb8 42. Qe2 Bf4 43. h4 Qd2 44. Qxd2 Bxd2 45. Kb3 Bf4 46. Nd4 Be5 47. Kc2 f4 48. Kd2 f3 49. Ke3 Bf4+ 50. Kf2 Bd2 51. Nxe6 Bxc3 52. b5 Kc8 53. g6 hxg6 54. Ng5 Bd4+ 55. Kf1 Bf6 56. Nxe4 Bxh4 57. Nd2 f2 58. Nc4 Kc7 59. a5 bxa5 60. Nxa5 Kb6 61. Nc4+ Kxb5 62. Ne5 g5 63. Nf3 Kc5 64. Nxh4 1/2-1/2

[Event "CAN/Quebec op"]
[Site "Montreal CAN"]
[Date "2008.07.26"]
[Round "8"]
[White "Yap, Nicolas A"]
[Black "Masse, Hugues"]
[Result "1-0"]
[WhiteElo "2279"]
[BlackElo "2196"]
[PlyCount "101"]
[GameId "2160767910353540"]
[EventDate "2008.07.19"]
[EventType "swiss"]
[EventRounds "9"]
[EventCountry "CAN"]
[SourceTitle "EXT 2009"]
[Source "ChessBase"]
[SourceDate "2008.11.26"]
[SourceVersion "1"]
[SourceVersionDate "2008.11.26"]
[SourceQuality "1"]

1. d4 Nf6 2. c4 g6 3. Nc3 d5 4. cxd5 Nxd5 5. e4 Nxc3 6. bxc3 Bg7 7. Nf3 c5 8. Rb1 O-O 9. Be3 cxd4 10. cxd4 Qa5+ 11. Qd2 Qxd2+ 12. Kxd2 Rd8 13. Bd3 b6 14. h3 Ba6 15. Bxa6 Nxa6 16. Ke2 Rac8 17. Rhc1 e6 18. g4 Nb8 19. Bg5 f6 20. Be3 Nd7 21. Nd2 e5 22. d5 Bf8 23. f3 Kf7 24. Nc4 Nc5 25. g5 Nd7 26. gxf6 Kxf6 27. Rc2 Bc5 28. Rbc1 h5 29. a4 Bxe3 30. Nxe3 Rc5 31. Rxc5 bxc5 32. Rb1 Rb8 33. Rxb8 Nxb8 34. Nc4 Nd7 35. Kf2 Kg5 36. Kg3 h4+ 37. Kf2 Kf4 38. a5 Kg5 39. Ke3 Kf6 40. Nd6 a6 41. Nc8 g5 42. Kd3 Nf8 43. Kc4 Ng6 44. Kxc5 Nf4 45. d6 Ke6 46. Kc6 Ne2 47. Kc7 Nd4 48. Na7 Kf7 49. d7 Ne6+ 50. Kd6 Nd8 51. Nc6 1-0

[Event "CAN/Quebec op"]
[Site "Montreal CAN"]
[Date "2008.07.26"]
[Round "8"]
[White "Yuan, Yuanling"]
[Black "Doubleday, William"]
[Result "1/2-1/2"]
[WhiteElo "2146"]
[BlackElo "2125"]
[PlyCount "68"]
[GameId "2160767910353541"]
[EventDate "2008.07.19"]
[EventType "swiss"]
[EventRounds "9"]
[EventCountry "CAN"]
[SourceTitle "EXT 2009"]
[Source "ChessBase"]
[SourceDate "2008.11.26"]
[SourceVersion "1"]
[SourceVersionDate "2008.11.26"]
[SourceQuality "1"]

1. e4 c5 2. Nf3 Nc6 3. d4 cxd4 4. Nxd4 Nf6 5. Nc3 d6 6. Bg5 e6 7. Qd2 Be7 8. O-O-O Nxd4 9. Qxd4 O-O 10. f4 Qa5 11. Bc4 Bd7 12. e5 dxe5 13. fxe5 Bc6 14. Bd2 Nd7 15. Nd5 Qd8 16. Nxe7+ Qxe7 17. Rhe1 Rfd8 18. Qg4 Nf8 19. Bd3 Rxd3 20. cxd3 Qc5+ 21. Kb1 Qd5 22. Re3 Ng6 23. Bc3 Qxg2 24. h3 Qf2 25. Rde1 Ne7 26. R3e2 Qf5 27. Qxf5 Nxf5 28. Rf2 Rd8 29. Kc2 Bb5 30. Rd2 Rd7 31. Re4 Bc6 32. Rf4 g5 33. Rff2 h6 34. Rde2 Bb5 1/2-1/2

[Event "CAN/Quebec op"]
[Site "Montreal CAN"]
[Date "2008.07.27"]
[Round "9"]
[White "Arencibia Rodriguez, Walter"]
[Black "Bluvshtein, Mark"]
[Result "1/2-1/2"]
[WhiteElo "2536"]
[BlackElo "2548"]
[PlyCount "61"]
[GameId "2160767910353542"]
[EventDate "2008.07.19"]
[EventType "swiss"]
[EventRounds "9"]
[EventCountry "CAN"]
[SourceTitle "CBM 125 Extra"]
[Source "ChessBase"]
[SourceDate "2008.09.01"]
[SourceVersion "1"]
[SourceVersionDate "2008.09.01"]
[SourceQuality "1"]

1. e4 e5 2. Nf3 Nf6 3. Nxe5 d6 4. Nf3 Nxe4 5. c4 Nc6 6. Bd3 Nf6 7. O-O Be7 8. h3 O-O 9. Nc3 d5 10. cxd5 Nb4 11. Bb1 Nbxd5 12. d4 h6 13. Re1 Be6 14. Ne5 Re8 15. Bc2 c6 16. a3 Qc7 17. Qd3 Bf8 18. Nxd5 cxd5 19. Bf4 Qb6 20. Ba4 Red8 21. Re2 Rac8 22. Rae1 Ne4 23. f3 g5 24. Bh2 f5 25. Kh1 Bg7 26. Bb3 Nc3 27. bxc3 Qxb3 28. Nc6 Rxc6 29. Rxe6 Qxc3 30. Qxf5 Rf8 31. Qxd5 1/2-1/2

[Event "CAN/Quebec op"]
[Site "Montreal CAN"]
[Date "2008.07.27"]
[Round "9"]
[White "Cheng, Bindi"]
[Black "Bartholomew, John"]
[Result "0-1"]
[WhiteElo "2333"]
[BlackElo "2440"]
[PlyCount "84"]
[GameId "2160767910353543"]
[EventDate "2008.07.19"]
[EventType "swiss"]
[EventRounds "9"]
[EventCountry "CAN"]
[SourceTitle "CBM 125 Extra"]
[Source "ChessBase"]
[SourceDate "2008.09.01"]
[SourceVersion "1"]
[SourceVersionDate "2008.09.01"]
[SourceQuality "1"]

1. e4 d5 2. exd5 Qxd5 3. Nc3 Qa5 4. Bc4 c6 5. Qe2 Nf6 6. Nf3 Bf5 7. Ne5 Bg6 8. h4 Nbd7 9. Nxd7 Nxd7 10. h5 Bxc2 11. d3 b5 12. Bxf7+ Kxf7 13. Qxc2 b4 14. Qb3+ e6 15. Ne4 Qd5 16. Be3 h6 17. f4 Be7 18. Rc1 Nf6 19. Qxd5 exd5 20. Nxf6 Bxf6 21. Rxc6 Rhc8 22. Rxc8 Rxc8 23. O-O Bxb2 24. Bxa7 Bc3 25. Rb1 d4 26. Kh2 Ke6 27. Rb3 Kd5 28. Bb6 Ra8 29. Bc7 Rxa2 30. Rb1 Ra1 31. Rb3 Ra3 32. Rb1 b3 33. Be5 b2 34. Bxg7 Ra1 35. Rxb2 Bxb2 36. Bxh6 Ke6 37. Bg7 Kf7 38. Be5 Rd1 39. h6 Kg6 40. Bg7 Bc1 41. Kg3 Rxd3+ 42. Kg4 Rd1 0-1

[Event "CAN/Quebec op"]
[Site "Montreal CAN"]
[Date "2008.07.27"]
[Round "9"]
[White "Ganguly, Surya Shekhar"]
[Black "Panjwani, Raja"]
[Result "1/2-1/2"]
[WhiteElo "2631"]
[BlackElo "2310"]
[PlyCount "99"]
[GameId "2160767910353545"]
[EventDate "2008.07.19"]
[EventType "swiss"]
[EventRounds "9"]
[EventCountry "CAN"]
[SourceTitle "CBM 125 Extra"]
[Source "ChessBase"]
[SourceDate "2008.09.01"]
[SourceVersion "1"]
[SourceVersionDate "2008.09.01"]
[SourceQuality "1"]

1. e4 e5 2. Nf3 Nc6 3. Bb5 Nf6 4. O-O Nxe4 5. d4 Nd6 6. Bxc6 dxc6 7. dxe5 Nf5 8. Qxd8+ Kxd8 9. Nc3 Bd7 10. h3 h6 11. b3 Kc8 12. Bb2 b6 13. Rad1 Ne7 14. Rd2 c5 15. Rfd1 Be6 16. Ne2 Ng6 17. Nh2 h5 18. Rd8+ Kb7 19. Rxa8 Kxa8 20. g4 hxg4 21. hxg4 Rh4 22. f3 Be7 23. Bc3 Bg5 24. Be1 Rh8 25. Bg3 Bh4 26. Bxh4 Rxh4 27. Rd8+ Kb7 28. Rg8 Nxe5 29. Rxg7 Bd5 30. f4 Nf3+ 31. Nxf3 Bxf3 32. Kf2 Rxg4 33. Rxf7 Bxe2 34. Kxe2 Rg2+ 35. Kd3 Rg3+ 36. Kd2 Rg2+ 37. Kc3 Rg3+ 38. Kb2 Rf3 39. a4 a5 40. Rf6 Kc8 41. Kc1 Kd7 42. Rf7+ Kd6 43. Kd2 Rf2+ 44. Kd3 Kd5 45. Rf5+ Kd6 46. c3 Rf3+ 47. Kc4 Ke6 48. Rf8 Ke7 49. Rf5 Ke6 50. Rf8 1/2-1/2

[Event "CAN/Quebec op"]
[Site "Montreal CAN"]
[Date "2008.07.27"]
[Round "9"]
[White "Henry, Liam"]
[Black "Yuan, Yuanling"]
[Result "1-0"]
[WhiteElo "2211"]
[BlackElo "2146"]
[PlyCount "65"]
[GameId "2160767910353546"]
[EventDate "2008.07.19"]
[EventType "swiss"]
[EventRounds "9"]
[EventCountry "CAN"]
[SourceTitle "CBM 125 Extra"]
[Source "ChessBase"]
[SourceDate "2008.09.01"]
[SourceVersion "1"]
[SourceVersionDate "2008.09.01"]
[SourceQuality "1"]

1. e4 c5 2. Nf3 d6 3. d4 cxd4 4. Nxd4 Nf6 5. Nc3 g6 6. Be3 Bg7 7. f3 Nc6 8. Qd2 O-O 9. Bc4 Bd7 10. O-O-O Rc8 11. Bb3 Ne5 12. Kb1 Nc4 13. Bxc4 Rxc4 14. g4 Qb8 15. h4 Rfc8 16. h5 Bxg4 17. fxg4 Rxc3 18. hxg6 hxg6 19. Bh6 Nxe4 20. Qh2 Bf6 21. Rdf1 d5 22. Bf4 e5 23. Ne6 fxe6 24. Qh7+ Kf8 25. Bh6+ Ke8 26. bxc3 Be7 27. Rf7 Qd6 28. Rhf1 Nxc3+ 29. Ka1 Qa3 30. Rxe7+ Qxe7 31. Rf8+ Kd7 32. Rf7 Re8 33. Bg5 1-0

[Event "CAN/Quebec op"]
[Site "Montreal CAN"]
[Date "2008.07.27"]
[Round "9"]
[White "Jiang, Louie"]
[Black "Tayar, Jonathan"]
[Result "0-1"]
[WhiteElo "2135"]
[BlackElo "2293"]
[PlyCount "90"]
[GameId "2160767910353547"]
[EventDate "2008.07.19"]
[EventType "swiss"]
[EventRounds "9"]
[EventCountry "CAN"]
[SourceTitle "CBM 125 Extra"]
[Source "ChessBase"]
[SourceDate "2008.09.01"]
[SourceVersion "1"]
[SourceVersionDate "2008.09.01"]
[SourceQuality "1"]

1. e4 c5 2. Nf3 d6 3. d4 Nf6 4. Nc3 cxd4 5. Nxd4 a6 6. Be3 e6 7. f3 b5 8. Qd2 Nbd7 9. g4 Nb6 10. O-O-O Bb7 11. Qf2 Nfd7 12. h4 Rc8 13. Nb3 Na4 14. Nxa4 bxa4 15. Nd4 a3 16. b3 Qc7 17. Qd2 Ne5 18. Be2 Be7 19. g5 O-O 20. Rhg1 Rfd8 21. h5 g6 22. hxg6 hxg6 23. Kb1 Bf8 24. c4 Qb8 25. Rc1 Qa8 26. Bd3 d5 27. cxd5 exd5 28. Bc2 dxe4 29. Qh2 Bg7 30. f4 Rxd4 31. fxe5 Rdd8 32. e6 Bd5 33. e7 Re8 34. Rg4 Rxe7 35. Rh4 Qb8 36. Bf4 Qb6 37. Rh1 f5 38. Rh8+ Kf7 39. Rxc8 Qd4 40. Kc1 e3 41. Be5 Rxe5 42. Rc7+ Ke6 43. Bxf5+ Rxf5 44. Re7+ Kxe7 45. Qc7+ Kf8 0-1

[Event "CAN/Quebec op"]
[Site "Montreal CAN"]
[Date "2008.07.27"]
[Round "9"]
[White "Kovalyov, Anton"]
[Black "Noritsyn, Nikolay"]
[Result "1-0"]
[WhiteElo "2548"]
[BlackElo "2361"]
[PlyCount "65"]
[GameId "2160767910353548"]
[EventDate "2008.07.19"]
[EventType "swiss"]
[EventRounds "9"]
[EventCountry "CAN"]
[SourceTitle "CBM 125 Extra"]
[Source "ChessBase"]
[SourceDate "2008.09.01"]
[SourceVersion "1"]
[SourceVersionDate "2008.09.01"]
[SourceQuality "1"]

1. c4 c5 2. Nf3 Nc6 3. d4 cxd4 4. Nxd4 g6 5. e4 Bg7 6. Be3 Nf6 7. Nc3 Ng4 8. Qxg4 Nxd4 9. Qd1 Ne6 10. Qd2 b6 11. Be2 Bb7 12. f3 O-O 13. O-O a5 14. Rad1 Bc6 15. b3 Nc5 16. Rfe1 Rc8 17. Bf1 e6 18. Ne2 f5 19. exf5 gxf5 20. Nd4 Qe8 21. Bf4 Qg6 22. Kh1 Rf7 23. a3 Bxd4 24. Qxd4 Nxb3 25. Qxb6 a4 26. Rd6 Qh5 27. Qe3 Rg7 28. Rxe6 Nd4 29. Rh6 Qxf3 30. Rxc6 Qxc6 31. Qxd4 Rg6 32. c5 Qxc5 33. Re8+ 1-0

[Event "CAN/Quebec op"]
[Site "Montreal CAN"]
[Date "2008.07.27"]
[Round "9"]
[White "Kunte, Abhijit"]
[Black "Istratescu, Andrei"]
[Result "1/2-1/2"]
[WhiteElo "2554"]
[BlackElo "2636"]
[PlyCount "98"]
[GameId "2160767910353549"]
[EventDate "2008.07.19"]
[EventType "swiss"]
[EventRounds "9"]
[EventCountry "CAN"]
[SourceTitle "CBM 125 Extra"]
[Source "ChessBase"]
[SourceDate "2008.09.01"]
[SourceVersion "1"]
[SourceVersionDate "2008.09.01"]
[SourceQuality "1"]

1. d4 Nf6 2. Nf3 e6 3. c4 d5 4. g3 dxc4 5. Bg2 a6 6. O-O Nc6 7. e3 Rb8 8. Nfd2 e5 9. Bxc6+ bxc6 10. dxe5 Ng4 11. Nxc4 Qxd1 12. Rxd1 Be6 13. Nbd2 Rd8 14. b3 Bxc4 15. bxc4 Bb4 16. Rb1 c5 17. h3 Nxe5 18. Bb2 Nc6 19. Nb3 O-O 20. a3 Na5 21. Rxd8 Rxd8 22. Be5 Nxb3 23. Rxb3 Ba5 24. Rb7 f6 25. Bxc7 Bxc7 26. Rxc7 Rd3 27. a4 Ra3 28. Rxc5 Rxa4 29. Rc7 a5 30. Ra7 h5 31. c5 Ra1+ 32. Kg2 a4 33. c6 Rc1 34. Rxa4 Rxc6 35. Ra5 g6 36. Ra7 Rc4 37. Kf3 Rc2 38. Rd7 Kf8 39. e4 Rc3+ 40. Ke2 h4 41. Rd3 Rc4 42. Kf3 hxg3 43. fxg3 Ke7 44. h4 f5 45. e5 Ke6 46. Rd6+ Kxe5 47. Rxg6 Rc3+ 48. Kg2 f4 49. Rg5+ Ke4 1/2-1/2

[Event "CAN/Quebec op"]
[Site "Montreal CAN"]
[Date "2008.07.27"]
[Round "9"]
[White "Masse, Hugues"]
[Black "Kiran, Manisha Mohanty"]
[Result "1-0"]
[WhiteElo "2196"]
[BlackElo "2261"]
[PlyCount "81"]
[GameId "2160767910353550"]
[EventDate "2008.07.19"]
[EventType "swiss"]
[EventRounds "9"]
[EventCountry "CAN"]
[SourceTitle "CBM 125 Extra"]
[Source "ChessBase"]
[SourceDate "2008.09.01"]
[SourceVersion "1"]
[SourceVersionDate "2008.09.01"]
[SourceQuality "1"]

1. d4 Nf6 2. c4 g6 3. Nc3 d5 4. Bf4 Bg7 5. e3 c6 6. h3 O-O 7. Nf3 Nbd7 8. Be2 dxc4 9. Bxc4 Nb6 10. Bb3 Nbd5 11. Be5 Qa5 12. Rc1 h6 13. O-O Rd8 14. Nxd5 Nxd5 15. Bxg7 Kxg7 16. Ne5 Rf8 17. Rc5 Qd8 18. Bxd5 cxd5 19. Qb3 Be6 20. Qxb7 Rb8 21. Qxa7 Rxb2 22. Nc6 Qa8 23. Qxa8 Rxa8 24. Nxe7 Rd8 25. a4 Rd7 26. Nc6 Ra2 27. a5 Rb7 28. Nd8 Rbb2 29. Nxe6+ fxe6 30. g4 Kf6 31. Kg2 h5 32. gxh5 gxh5 33. Kf3 Kg5 34. Rc8 Kh4 35. Rf8 Rxa5 36. Rf4+ Kg5 37. Rg1+ Kh6 38. Rf6+ Kh7 39. Rxe6 Raa2 40. Rg2 Rb7 41. Rf6 1-0

[Event "CAN/Quebec op"]
[Site "Montreal CAN"]
[Date "2008.07.27"]
[Round "9"]
[White "Meera, Sai Ravi"]
[Black "Doubleday, William"]
[Result "1-0"]
[WhiteElo "2179"]
[BlackElo "2125"]
[PlyCount "97"]
[GameId "2160767910353551"]
[EventDate "2008.07.19"]
[EventType "swiss"]
[EventRounds "9"]
[EventCountry "CAN"]
[SourceTitle "CBM 125 Extra"]
[Source "ChessBase"]
[SourceDate "2008.09.01"]
[SourceVersion "1"]
[SourceVersionDate "2008.09.01"]
[SourceQuality "1"]

1. e4 c5 2. Nc3 Nc6 3. Nf3 d6 4. Bb5 Bg4 5. Ne5 Bd7 6. Bxc6 bxc6 7. Nxd7 Qxd7 8. O-O g6 9. d3 e6 10. f4 Ne7 11. Qe2 Bg7 12. e5 Nd5 13. Ne4 dxe5 14. fxe5 Bxe5 15. Kh1 Bg7 16. c4 Nb4 17. Bg5 Qxd3 18. Qxd3 Nxd3 19. Nd6+ Kf8 20. Nxf7 Kg8 21. Nxh8 Bxh8 22. Rad1 Nxb2 23. Rd8+ Rxd8 24. Bxd8 Bd4 25. Be7 e5 26. Bg5 Kg7 27. Bf6+ Kg8 28. Bg5 Kg7 29. Be7 Nd3 30. g3 h5 31. Kg2 e4 32. Rb1 Nb2 33. Bxc5 Bxc5 34. Rxb2 Bb6 35. Re2 e3 36. Kf3 Kf6 37. Ke4 Ke6 38. Rb2 Bc5 39. a4 Kf6 40. a5 Ke6 41. Kd3 Kf5 42. Rb8 Kg4 43. Rc8 Kf3 44. Rxc6 e2 45. Rf6+ Kg2 46. Kxe2 g5 47. Rh6 h4 48. gxh4 g4 49. Rg6 1-0

[Event "CAN/Quebec op"]
[Site "Montreal CAN"]
[Date "2008.07.27"]
[Round "9"]
[White "Mikhalevski, Victor"]
[Black "Huzman, Alexander"]
[Result "1-0"]
[WhiteElo "2592"]
[BlackElo "2589"]
[PlyCount "73"]
[GameId "2160767910353552"]
[EventDate "2008.07.19"]
[EventType "swiss"]
[EventRounds "9"]
[EventCountry "CAN"]
[SourceTitle "CBM 125"]
[Source "ChessBase"]
[SourceDate "2008.07.30"]
[SourceVersion "1"]
[SourceVersionDate "2008.07.30"]
[SourceQuality "1"]

1. d4 Nf6 2. c4 e6 3. g3 d5 4. Bg2 Be7 5. Nf3 O-O 6. O-O dxc4 7. Na3 Bxa3 8. bxa3 Bd7 9. Qc2 Bc6 10. Qxc4 Nbd7 11. Bf4 h6 12. Rfc1 Nb6 13. Qb3 Nfd5 14. Bd2 Nf6 15. Rxc6 bxc6 16. Rc1 Rb8 17. Rxc6 Nbd5 18. Qc2 Rb6 19. Rc4 Qb8 20. Bc1 Ne7 21. Ne5 Rd8 22. Bf3 Ne8 23. e3 Nd6 24. Rc3 f6 25. Nd3 Nf7 26. a4 Nd5 27. Rc5 Rd7 28. Ba3 Nd8 29. Kg2 Nb7 30. Rc6 Na5 31. Rc5 Nb7 32. a5 Nxc5 33. Nxc5 Rc6 34. Qg6 Rf7 35. Be4 f5 36. Bxd5 Rf6 37. Qxf6 1-0

[Event "CAN/Quebec op"]
[Site "Montreal CAN"]
[Date "2008.07.27"]
[Round "9"]
[White "Mohota, Nisha"]
[Black "Castaneda, Nelson"]
[Result "1-0"]
[WhiteElo "2354"]
[BlackElo "2314"]
[PlyCount "145"]
[GameId "2160767910353553"]
[EventDate "2008.07.19"]
[EventType "swiss"]
[EventRounds "9"]
[EventCountry "CAN"]
[SourceTitle "CBM 125 Extra"]
[Source "ChessBase"]
[SourceDate "2008.09.01"]
[SourceVersion "1"]
[SourceVersionDate "2008.09.01"]
[SourceQuality "1"]

1. d4 Nf6 2. c4 g6 3. Nc3 Bg7 4. e4 d6 5. Nf3 O-O 6. Be2 e5 7. Be3 Ng4 8. Bg5 f6 9. Bh4 Na6 10. O-O Qe8 11. c5 g5 12. Bxa6 bxa6 13. Bg3 Nh6 14. Nd5 Rf7 15. cxd6 cxd6 16. Nd2 Bb7 17. Nc4 Rd8 18. Qb3 f5 19. dxe5 Bxd5 20. exd5 f4 21. Nxd6 Qxe5 22. Nxf7 Nxf7 23. Rfe1 Qxb2 24. Rab1 Qxb3 25. Rxb3 Rxd5 26. Bxf4 gxf4 27. g3 Bd4 28. gxf4 Bb6 29. Re2 Rd4 30. Rf3 Kg7 31. Kg2 Kf6 32. Rh3 h6 33. Rh4 a5 34. Rc2 a4 35. Kf3 Rd5 36. Ke2 Bc5 37. Rh3 Bd6 38. Rc4 a3 39. Rc6 Ke7 40. Re3+ Kf8 41. Rc8+ Kg7 42. Rg3+ Kf6 43. Rc6 Rc5 44. Rxc5 Bxc5 45. Rc3 Bd6 46. Kf3 Kf5 47. Rc4 a5 48. Rd4 Bb4 49. Rd5+ Kf6 50. Ke4 Nd6+ 51. Kd3 Nf5 52. Rb5 Kg6 53. Re5 Nh4 54. Ke4 Ng2 55. Re6+ Kg7 56. f5 Ne1 57. Rg6+ Kh7 58. Rg3 Bd6 59. Rc3 h5 60. Rc1 Ng2 61. Rd1 Bb4 62. Rg1 Ne1 63. f6 Nc2 64. f7 Be7 65. Rg8 Nb4 66. f8=Q Bxf8 67. Rxf8 Nxa2 68. Rf3 Nb4 69. Rxa3 Nc6 70. Kd5 Nb4+ 71. Kd6 Kg6 72. h4 Kf5 73. Rxa5+ 1-0

[Event "CAN/Quebec op"]
[Site "Montreal CAN"]
[Date "2008.07.27"]
[Round "9"]
[White "Nicula, Marius"]
[Black "Barbeau, Sylvain"]
[Result "0-1"]
[WhiteElo "2209"]
[BlackElo "2367"]
[PlyCount "84"]
[GameId "2160767910353554"]
[EventDate "2008.07.19"]
[EventType "swiss"]
[EventRounds "9"]
[EventCountry "CAN"]
[SourceTitle "EXT 2009"]
[Source "ChessBase"]
[SourceDate "2008.11.26"]
[SourceVersion "1"]
[SourceVersionDate "2008.11.26"]
[SourceQuality "1"]

1. e4 e5 2. Nf3 Nc6 3. Nc3 Nf6 4. Bb5 Nd4 5. Ba4 Bc5 6. O-O O-O 7. d3 d6 8. Nxd4 Bxd4 9. Be3 Bxe3 10. fxe3 c6 11. Bb3 d5 12. Qf3 dxe4 13. Nxe4 Nd5 14. Qg3 Kh8 15. Qxe5 Nxe3 16. Rf3 Ng4 17. Qc5 f6 18. Raf1 Nh6 19. h3 Bd7 20. g4 b6 21. Qf2 Nf7 22. Bxf7 Rxf7 23. g5 f5 24. h4 Qe7 25. Ng3 Raf8 26. Nh5 Qd6 27. Nf4 Re7 28. h5 Rfe8 29. d4 Bc8 30. b3 Re4 31. Rd1 Kg8 32. c4 Qe7 33. Qg3 Qd8 34. d5 cxd5 35. h6 d4 36. hxg7 Bb7 37. Nh5 Rg4 38. Nf6+ Qxf6 39. Qxg4 Bxf3 40. Qxf3 Qxg5+ 41. Qg2 Qe3+ 42. Qf2 Re4 0-1

[Event "CAN/Quebec op"]
[Site "Montreal CAN"]
[Date "2008.07.27"]
[Round "9"]
[White "Rathnakaran, Kantholi"]
[Black "Sambuev, Bator"]
[Result "1/2-1/2"]
[WhiteElo "2453"]
[BlackElo "2496"]
[PlyCount "109"]
[GameId "2160767910353555"]
[EventDate "2008.07.19"]
[EventType "swiss"]
[EventRounds "9"]
[EventCountry "CAN"]

1. e4 e6 2. d3 c5 3. g3 Nc6 4. Bg2 g6 5. Nf3 Bg7 6. O-O Nge7 7. Nc3 d5 8. Bd2 O-O 9. Qc1 Re8 10. Bh6 Bh8 11. h4 Nd4 12. Nxd4 cxd4 13. Nb1 Bd7 14. Nd2 Rc8 15. Qd1 Ba4 16. Rc1 dxe4 17. dxe4 Nc6 18. Nf3 Nb4 19. Qd2 a5 20. e5 Nc6 21. Bg5 Qc7 22. Bf6 Bxf6 23. exf6 Qd8 24. Qg5 h6 25. Qxh6 Qxf6 26. h5 Qg7 27. Qg5 gxh5 28. Qxh5 Ne7 29. Rfd1 Bxc2 30. Rxd4 Bg6 31. Rxc8 Rxc8 32. Qxa5 Nc6 33. Qc3 Ra8 34. Rd7 Qxc3 35. bxc3 Rxa2 36. Rxb7 Rc2 37. Nd4 Rc1+ 38. Kh2 Ne5 39. f4 Ng4+ 40. Kh3 Nf2+ 41. Kh4 Rxc3 42. Nc6 Be4 43. Bxe4 Nxe4 44. Ne5 Nd6 45. Rd7 Nf5+ 46. Kg5 Rxg3+ 47. Kf6 Nh6 48. Nxf7 Nxf7 49. Rxf7 Re3 50. Rg7+ Kf8 51. Ra7 Kg8 52. Ra8+ Kh7 53. Ra5 Re4 54. Kg5 Kg8 55. Rb5 1/2-1/2

[Event "CAN/Quebec op"]
[Site "Montreal CAN"]
[Date "2008.07.27"]
[Round "9"]
[White "Roussel-Roozmon, Thomas"]
[Black "Ivkov, Borislav"]
[Result "1/2-1/2"]
[WhiteElo "2486"]
[BlackElo "2411"]
[PlyCount "115"]
[GameId "2160767910353557"]
[EventDate "2008.07.19"]
[EventType "swiss"]
[EventRounds "9"]
[EventCountry "CAN"]
[SourceTitle "CBM 125 Extra"]
[Source "ChessBase"]
[SourceDate "2008.09.01"]
[SourceVersion "1"]
[SourceVersionDate "2008.09.01"]
[SourceQuality "1"]

1. d4 e6 2. Nf3 Nf6 3. c4 Bb4+ 4. Nc3 b6 5. Bg5 Bb7 6. Nd2 h6 7. Bh4 c5 8. d5 Bxc3 9. bxc3 d6 10. e4 Qe7 11. Be2 Nbd7 12. Qc2 g5 13. Bg3 e5 14. h4 Rg8 15. Nf1 Nf8 16. Ne3 Bc8 17. hxg5 hxg5 18. Nf5 Bxf5 19. exf5 Qd7 20. Rh6 Ke7 21. f3 Qc8 22. Kd2 N8d7 23. Rah1 Qa6 24. Bf2 Rae8 25. g4 Kd8 26. Bg3 Kc7 27. Bd3 Qa5 28. a4 Qa6 29. Ra1 Rh8 30. Rah1 Rxh6 31. Rxh6 Qc8 32. Qb1 Rh8 33. Qh1 Rxh6 34. Qxh6 Qd8 35. Kc2 Ne8 36. Be1 Qe7 37. Bd2 f6 38. Be4 Qg7 39. Qh1 Nb8 40. Qh5 Qd7 41. Kb3 Qe7 42. Qh1 Kb7 43. Be3 Nc7 44. Qh8 Nd7 45. Bf2 a6 46. Qg8 Qe8 47. Qxe8 Nxe8 48. Bg3 Nc7 49. Bd3 Ka7 50. Be2 b5 51. a5 Kb7 52. Bd3 Kc8 53. Be2 Kd8 54. Bf1 Ke7 55. Be2 Kd8 56. Bf1 Kc8 57. Be2 Kb7 58. Bd3 1/2-1/2